Normal view
MARC view
- Laws of malaysia
Entry Topical Term
001 - CONTROL NUMBER
- control field: 453
003 - CONTROL NUMBER IDENTIFIER
- control field: OSt
005 - DATE AND TIME OF LATEST TRANSACTION
- control field: 20170426092459.0
008 - FIXED-LENGTH DATA ELEMENTS
- fixed length control field: 170426|| aca||aabn | a|a d
040 ## - CATALOGING SOURCE
- Original cataloging agency: OSt
- Transcribing agency: OSt
150 ## - HEADING--TOPICAL TERM
- Topical term or geographic name entry element: Laws of malaysia
670 ## - SOURCE DATA FOUND
- Source citation: Work cat.: (OSt): UNDANG-UNDANG MALAYSIA

PORTAL AKMAL
E-MEL JKDM
AKMAL2U
G-BAM
u-PUSTAKA